Podpora zo Štátneho fondu rozvoja bývania po novelizácii zákona

Finančné zdroje Štátneho fondu rozvoja bývania. Kto môže dostať podporu a na aké účely. Formy podpory. Výška podpory. Podmienky poskytnutia podpory. Postup pri poskytovaní podpory zo Štátneho fondu rozvoja bývania.

Guardado en:
Detalles Bibliográficos
Autor principal: Mäsiarová, Terézia
Formato: Capítulo de libro
Lenguaje:eslovaco
Materias:
Etiquetas: Agregar Etiqueta
Sin Etiquetas, Sea el primero en etiquetar este registro!

MARC

LEADER 00000naa a2200000 4500
001 r038981
005 20230926083212.9
041 0 |a slo 
044 |a SK 
245 1 0 |a Podpora zo Štátneho fondu rozvoja bývania po novelizácii zákona  |c Terézia Mäsiarová 
520 |a Finančné zdroje Štátneho fondu rozvoja bývania. Kto môže dostať podporu a na aké účely. Formy podpory. Výška podpory. Podmienky poskytnutia podpory. Postup pri poskytovaní podpory zo Štátneho fondu rozvoja bývania. 
610 2 0 |a fondy účelové 
610 2 0 |a fondy finančné 
610 2 0 |a Štátny fond rozvoja bývania 
610 2 0 |a podpory 
610 2 0 |a bývanie 
610 2 0 |a byty 
100 1 |a Mäsiarová, Terézia